MDQL
is popping MORE tags! Check the
thread
!
Quizzes
Events
Quiz Creation
Community
Videos
Private Events
Remove Ads
Sign In
Join for FREE
Feedback
Dark Mode
Quiz Categories
Sports
Geography
Music
Movies
Television
Just For Fun
Miscellaneous
History
Literature
Language
Science
Gaming
Entertainment
Religion
Holiday
For Kids
Quiz Lab
Recent
Popular Today
Quiz Kudos Today
Editor Picks
Curator Picks
Quizzes by...
Day
Popularity
Type
Ratings
Length
Year
Community
Subscriptions
Recent Discussions
Orange Saloon
Badges
Playlists
Quests
Create
Leaderboards
Showdown
Live 5
Trivia Bingo
Activity
Puzzle Library
Sporcle Events
Private Events
Virtual Trivia
Globe League
Become a Host
Pub Owners
SporcleCon
Opinionation
Our Games
Videos
Blog
Mobile Apps
Partnerships
Remove Ads and Go Orange
Feedback
Music
Pop Music
The Beatles
Song
Album
Lyrics
Bands
Singers
Artist
Clip
Rock
Rap
Classical
Billboard
Country Music
Kpop
Taylor Swift
Music
Pop Music
The Beatles
Song
Album
Lyrics
Bands
Singers
Artist
Clip
Rock
Rap
Classical
Billboard
Country Music
Kpop
Taylor Swift
Random Quiz
Search Sporcle
×
Quiz Lab
Quiz Lab
Music
Singers
Click on answers out of a set of options
Click on answers out of a set of options
Multiple Choice
Best Score? Go Orange.
'O' Songs Multiple Choice Stats
Can you choose the correct artist by each of these songs that start with 'O'?
By
midnight_dreary
8m
25 Questions
131 Plays
131 Plays
131 Plays
Comments
Comments
Give Quiz Kudos
Give Quiz Kudos
-
- Ratings
hide this ad
Replay
Link that replays current quiz
Next Quiz
Link to next quiz in quiz playlist
You Got
0%
They Got
Avg Score
59%
Avg Friend Score
Upgrade to see
Score Distribution
Jump to the score distribution portion of the page
Score
0/25
Timer
08:00
0
Plays Today
Question
Answer
Wrong Answers
'Oops... I Did It Again'
Britney Spears
95.4%
Geri Halliwell
0.8%
Janet Jackson
0%
Jewel
0.8%
'Only The Good Die Young'
Billy Joel
87.8%
Elvis Costello
7.6%
Bee Gees
1.5%
Stevie Wonder
1.5%
'Old Time Rock And Roll'
Bob Seger
86.3%
Van Halen
6.9%
Journey
3.8%
John Hiatt
2.3%
'Octopus's Garden'
The Beatles
84%
The 5th Dimension
6.1%
Leonard Cohen
4.6%
Gordon Lightfoot
1.5%
'One Week'
Barenaked Ladies
77.1%
The Tragically Hip
5.3%
The Smashing Pumpkins
7.6%
Rufus Wainwright
2.3%
'Owner Of A Lonely Heart'
Yes
77.1%
Donovan
9.2%
Pearl Jam
3.1%
Metallica
3.1%
'One Love (People Get Ready)'
Bob Marley
71%
Jim Croce
4.6%
Johnny Cash
7.6%
Otis Redding
9.2%
'Orange Crush'
R.E.M
69.5%
Green Day
3.1%
Vitamin C
15.3%
Duran Duran
4.6%
'Open Your Heart'
Madonna
66.4%
Barbra Streisand
9.9%
Kate Bush
7.6%
Sheena Easton
9.2%
'On Bended Knee'
Boyz II Men
64.9%
Color Me Badd
7.6%
K-Ci & Jojo
3.8%
Brian McKnight
14.5%
'One Of The Boys'
Katy Perry
58%
Miley Cyrus
18.3%
Lady Antebellum
10.7%
Mumford & Sons
4.6%
'Oh Sherrie'
Steve Perry
57.3%
Foreigner
11.5%
Lukas Graham
13.7%
Simon & Garfunkel
8.4%
'O-o-h Child'
The Five Stairsteps
54.2%
Electric Light Orchestra
10.7%
Gloria Gaynor
22.1%
The Beach Boys
3.8%
'Ordinary People'
John Legend
52.7%
Counting Crows
18.3%
Franz Ferdinand
11.5%
Josh Groban
9.2%
'Out Of The Blue'
Debbie Gibson
52.7%
Joan Jett
11.5%
Kylie Minogue
13.7%
Faith Hill
13.7%
'On The Top Of The World'
Imagine Dragons
50.4%
The Killers
12.2%
Hedley
10.7%
The Fray
22.9%
'One Bad Apple'
The Osmonds
49.6%
Carpenters
14.5%
Freda Payne
10.7%
The Jackson 5
16%
'Oh Very Young'
Cat Stevens
49.6%
KISS
9.9%
Paul Anka
22.1%
John Denver
9.2%
'Oxford Comma'
Vampire Weekend
48.9%
Plain White T's
26%
Fall Out Boy
12.2%
Jason Mraz
6.9%
'Out Of The Woods'
Taylor Swift
45%
Tori Amos
26%
Foster The People
13.7%
Harry Styles
6.9%
'Our Day Will Come'
Ruby & The Romantics
40.5%
Martha & the Vandellas
19.1%
The Shangri-Las
14.5%
The Ronettes
16.8%
'Off To The Races'
Lana Del Rey
37.4%
Adele
12.2%
Elle King
16.8%
Ellie Goulding
25.2%
'On The Wings Of A Nightingale'
The Everly Brothers
35.9%
The Isley Brothers
26.7%
The Righteous Brothers
13.7%
The Jonas Brothers
14.5%
'One Fine Wire'
Colbie Caillat
35.1%
Carly Rae Jepsen
19.1%
The Veronicas
20.6%
Tegan & Sara
15.3%
'October Song'
Amy Winehouse
35.1%
Duffy
14.5%
Lily Allen
22.9%
Annie Lennox
18.3%
Quiz Playlist
Details
Report
Send in Message
Add To Playlist
Multiple Choice:
Click on answers out of a set of options
Last Updated: May 19, 2017
Quiz Scoreboard
CHALLENGE
Sign Up to Join the Scoreboard
Show All
Scores
Hide
Comments
May contain spoilers
Recently Published
Two Season TV Shows II
by 123Four
Television
10m
Image Sorting: Flags VI
by Barbecue
Geography
2m
Find the 'City' Movie
by crazypaving
Movies
60s
More to Explore
Quiz From the Vault
Featured Blog Post
14 Easter Pick-up Lines to Find Eggs With
hide this ad
You Might Also Like...
Tags
Alphabet Quiz
Artist Quiz
Bands Quiz
Singers Quiz
Song Quiz
Multiple Choice
Song Title
Today's Top Quizzes in Music
Browse Music
hide this ad
Today's Top Quizzes in Singers
Browse Singers
Top Contributed Quizzes in Music
1
5X2 Blitz: Bands II
2
5X2 Blitz: The Beatles
3
Taylor Swift All Songs (2024)
4
5X2 Blitz: Billboard
5
5X2 Blitz: Billboard II
6
5X2 Blitz: Album
7
5X2 Blitz: Singers
8
5X2 Blitz: Rock
9
Music Artist by Three 2010s hits
10
5X2 Blitz: Lyrics
Explore More
Trending Topics
Anime
NBA
Marvel
Harry Potter
Disney
Kpop
Crossword
Pokémon
The Office
WWE
Puzzle
Country
Song
Soccer
NFL
hide this ad
More By:
midnight_dreary
Quiz
Plays
Rating
Category
Featured
Created
Katy Perry or Taylor Swift?
52,901
4.37
Music
Nov 12, 2014
War Movies by Poster
34,063
4.63
Movies
Oct 22, 2019
100 TV Shows From The 2010s
32,838
4.29
Television
Jan 15, 2019
'Girl' and 'Boy' Movies
30,858
4.56
Movies
Apr 1, 2017
30 School Movies
30,449
4.35
Movies
Feb 4, 2017
Go to Creator's Profile
Score Distribution
Quiz Creator Spotlight
midnight_dreary
Follow
Send a Message
Quizzes Created
-
Created Quiz Play Count
-
More By This Creator
Popular Quizzes Today
1
Find the US States - No Outlines Minefield
2
Colored Red Africa Blitz
3
Find the 'City' Movie
4
5x2 Blitz: Bands
5
The Countries of the World
6
Find the Countries of Europe - No Outlines Minefield
7
Find the US States
8
US States
More Music Quizzes
'The Thrill is Gone' Lyrics
Published
Trending Quizzes
Colored Red Europe Blitz I
Colored Red Africa Blitz II
Colored Red Europe Blitz II
Colored Red Africa Blitz III
Colored Red Europe Blitz III
Recently Updated
How Do You Spell That?
pecheneg
Godzilla Movies
pecheneg
Grab Bag: 4-10 Letters
pecheneg
2024 March Madness Bracket
pecheneg
Famous TV Couples
Peacemaker
Champions League XIs: Real Madrid
pecheneg
Largest US Cities 1790-2010
pecheneg
Rides in Walt Disney World
pecheneg
Most Oscar Losses (Acting)
pecheneg
Beyoncé Albums
pecheneg
Trending Topics
NBA
Marvel
Kpop
Anime
Disney
Harry Potter
Crossword
Country
The Office
Song
Soccer
Puzzle
NFL
WWE
Pokémon
Your Account Isn't Verified!
In order to create a playlist on Sporcle, you need to verify the email address you used during registration. Go to your
Sporcle Settings
to finish the process.
Report this User
Report this user for behavior that violates our
Community Guidelines
.
Details:
Send Report
Go to the Sporcle.com Mobile Site →
Comments